000 01529cam a22004574i 4500
003 PE-LiUPU
005 20250731173014.0
008 150623s r 000 0 d
020 _a0195115716
035 _a(Sirsi) i9780195115710
040 _aPE-LiUPU
_bspa
_cPE-LiUPU
_erda
049 _aPRUA
082 0 4 _a221.608 829 6
_bH17
_221
100 1 _aHalivni, David Weiss,
_eautor.
245 1 0 _aPeshat and derash: plain and applied meaning in rabbinic exegesis /
_cDavid Weis Halivni.
264 1 _aNew York, NY :
_bOxford University Press,
_c1991.
300 _a249 páginas ;
_c21 centímetros
336 _atext
_2rdacontent
337 _aunmediated
_2rdamedia
338 _avolume
_2rdacarrier
504 _aIncluye bibliografía.
505 0 _aOn natters of exegesis. -On matters of theology.
526 _aSEG42
526 _aSEG41
526 _aSEG40
526 _aSEG39
526 _aP94
526 _aP87
526 _aP86
526 _aP85
526 _aP77
526 _aP76
526 _aP35
630 _aBiblia.
_pA.T.
_xCrítica, interpretación, etc.
942 _2ddc
_cBOOK
949 _a221.608 829 6 H17
_wDEWEY
_c1
_i47258
_lCCODEBUL1
_mBUL
_r0
_sY
_tBOOK
_u2015-6-24
_xTEOLOGIA
_PP35
_0COMPRA
_o.STAFF. Colección General
994 _aC0
_bPEPRU
596 _a1
999 _a221.608 829 6 H17
_wDEWEY
_c23801
_i47258
_f2021-11-9
_g5
_lCCODEBUL1
_mBUL
_r0
_sY
_tBOOK
_u2015-6-24
_xTEOLOGIA
_PP35
_0COMPRA
_o.STAFF. Colección General
_d23801
980 _81
_gALBERTO SANCHEZ Responsable de Automatización